Normal view
MARC view
Entry Uniform Title
001 - CONTROL NUMBER
- control field: 1404
003 - CONTROL NUMBER IDENTIFIER
- control field: BD-RjUL
005 - DATE AND TIME OF LATEST TRANSACTION
- control field: 20220216123644.0
008 - FIXED-LENGTH DATA ELEMENTS
- fixed length control field: 220216|| aca||aabn | a|a d
040 ## - CATALOGING SOURCE
- Original cataloging agency: BD-RjUL
- Transcribing agency: BD-RjUL
130 ## - HEADING--UNIFORM TITLE
- Uniform title: Stockholm oriental studies
670 ## - SOURCE DATA FOUND
- Source citation: Work cat.: (BD-RjUL)79401: Anbari, Abu Al-Barakat ;; الانباري, ابو البركات 1119-1181. 1403, نزهة الالباء في طبقات الادباء = Nuzhat al - alibba fi tabaqat al - Udaba ' /, [1963].